2012 Worldwide Box Office - Statistics

General Stats
  • This quiz has been taken 10 times
  • The average score is 7 of 10
Answer Stats
Rank Movie Title Worldwide Box Office (USD) Distributor/Studio Genre % Correct
1 The Avengers $1,515,100,211 Disney Superhero/Comics
100%
2 Skyfall $1,110,526,981 Sony Action
83%
7 The Amazing Spider-Man $758,576,824 Sony Superhero/Comics
83%
3 The Dark Knight Rises $1,082,228,107 Warner Bros. Superhero/Comics
83%
4 The Hobbit: An Unexpected Journey $1,014,938,545 Warner Bros. Fantasy
83%
8 Madagascar 3: Europe's Most Wanted $746,921,271 Paramount Family/Animation
67%
9 The Hunger Games $677,923,379 Lionsgate Sci-Fi/Dystopia
67%
5 Ice Age: Continental Drift $879,765,137 20th Century Fox Family/Animation
50%
10 Men in Black 3 $654,213,485 Sony Sci-Fi/Comedy
50%
6 The Twilight Saga: Breaking Dawn Part 2 $830,314,737 Lionsgate Fantasy/Romance
50%
No matching quizzes found
Score Distribution
Percent of People with Each Score
Percentile by Number Answered
Your Score History
You have not taken this quiz